| 000 -ლიდერი |
| ფიქსირებული სიგრძის საკონტროლო ველი |
01241nam a2200253Ia 4500 |
| 001 - საკონტროლო ნომერი |
| საკონტროლო ველი |
5161 |
| 003 - საკონტროლო ნომრის იდენტიფიკატორი |
| საკონტროლო ველი |
GE_BSU |
| 005 - ბოლო ოპერაციის თარიღი და დრო |
| საკონტროლო ველი |
20190603161836.0 |
| 008 - ფიქსირებული სიგრძის მონაცემთა ელემენტები - ზოგადი ინფორმაცია |
| ფიქსირებული სიგრძის საკონტროლო ველი |
181216s1980||||ge |||||||||||||| ||geo|| |
| 040 ## - კატალოგიზაციის წყარო |
| Transcribing agency |
GE_BSU |
| 041 ## - ენის კოდი |
| Language code of text/sound track or separate title |
geo |
| 080 ## - უნივერსალური ათობითი კლასიფიკაციის ინდექსი |
| Universal Decimal Classification number |
519.852.6(076.5) + 004.42 ა-80 |
| 100 ## - მთავარი ჩანაწერი - პიროვნების სახელი |
| Personal name |
ართმელაძე, ნ. |
| 9 (RLIN) |
1959 |
| 245 ## - ცნობა სათაურის შესახებ |
| Title |
პრაქტიკული სახელმძღვანელო გამოთვლების მეთოდებსა და პროგრამირებაში II ნაწ. : |
| Remainder of title |
დამხმ. სახელმძღ./ |
| Statement of responsibility, etc |
ნ. ართმელაძე, თ. კოხია, ო. მელაძე ; რედ. ე. გიორგაძე. |
| 260 ## - გამოქვეყნების, გავრცელების, და სხვა. ცნობები |
| Date of publication, distribution, etc |
. |
| 264 ## - წარმოების, გამოცემის, დისტრიბუციის და სხვა ცნობები |
| გამოცემის, წარმოების, დისტრიბუციის... ადგილი |
თბილისი : |
| გამოცემის, წარმოების, დისტრიბუციის... სახელწოდება |
სპი, |
| გამოცემის, წარმოების, დისტრიბუციის... თარიღი |
1980. |
| 300 ## - ფიზიკური აღწერა |
| Extent |
108 გვ. ; |
| Dimensions |
20 სმ. |
| 504 ## - BIBLIOGRAPHY, ETC. NOTE |
| Bibliography, etc |
ბიბლიოგრ. : გვ.104. |
| 653 ## - INDEX TERM--UNCONTROLLED |
| Uncontrolled term |
გამოთვლების მეთოდები და პროგრამირება |
| 700 ## - ADDED ENTRY--PERSONAL NAME |
| Personal name |
კოხია, თ |
| Relator term |
ავტორი |
| 9 (RLIN) |
1951 |
| 700 ## - ADDED ENTRY--PERSONAL NAME |
| Personal name |
მელაძე, ო. |
| Relator term |
ავტორი |
| 9 (RLIN) |
1952 |
| 700 ## - ADDED ENTRY--PERSONAL NAME |
| Personal name |
გიორგაძე, ო. |
| Relator term |
რედაქტორი |
| 9 (RLIN) |
1960 |
| 942 ## - ADDED ENTRY ELEMENTS (KOHA) |
| Koha item type |
წიგნი |
| Source of classification or shelving scheme |
|